| 000 | 00858nam a2200229 a 4500 | ||
|---|---|---|---|
| 001 | 000003734 | ||
| 005 | 20240401203609.0 | ||
| 008 | 090713s1993 dr ac 000 0 spa d | ||
| 040 |
_aDO-SdBNP _bspa _cBNPHU |
||
| 082 |
_a923.57293 _bL965f, 1993 |
||
| 100 | 1 |
_aFerreras, Ramón Alberto _911298 |
|
| 245 | 1 | 0 |
_aGregorio Luperón : _bbiografía breve / _cRamón Alberto Ferreras ; prólogo Máximo López Molina. |
| 250 | _a2a ed. aum. | ||
| 260 |
_aSanto Domingo:, _c1993. |
||
| 300 |
_a116 p. : _bil., retrs. ; _c21 cm. |
||
| 500 | _aIncluye referencias biográficas del autor en la contracubierta | ||
| 600 | 1 | 0 |
_aLuperón, Gregorio, _d1839-1897 _9888 |
| 651 | 4 |
_aRepública Dominicana _vBIOGRAFÍAS _91083 |
|
| 651 | 4 |
_aRepública Dominicana _xHistoria _9170 |
|
| 700 | 1 |
_aLópez Molina, Máximo _epról. _911367 |
|
| 910 | _aValidado. Control de calidad BNPHU | ||
| 999 |
_c3556 _d3556 |
||